Dakshin Asia mein atankvad aur Bharat ki suraksha par iska prabhav (Record no. 128096)

MARC details
000 -LEADER
fixed length control field 00369nam a2200145Ia 4500
008 - FIXED-LENGTH DATA ELEMENTS--GENERAL INFORMATION
fixed length control field 230917s9999||||xx |||||||||||||| ||und||
040 ## - CATALOGING SOURCE
-- 249255
Original cataloging agency VIVEKANANDA LIBRARY
041 ## - Language
-- English
082 ## - DDC NUMBER
Classification number 363.325 S959D
100 ## - MAIN ENTRY--PERSONAL NAME
Personal name Sandeep Kumar
245 #0 - TITLE STATEMENT
Title Dakshin Asia mein atankvad aur Bharat ki suraksha par iska prabhav
260 ## - PUBLICATION, DISTRIBUTION, ETC. (IMPRINT)
Date of publication, distribution, etc 2018
300 ## - PHYSICAL DESCRIPTION
Pages 302 p.
942 ## - ADDED ENTRY ELEMENTS (KOHA)
Koha item type Thesis
Holdings
Withdrawn status Lost status Damaged status Not for loan Location (home branch) Sublocation or collection (holding branch) Date acquired Koha issues (times borrowed) Koha full call number Accession No. Koha date last seen Koha item type
        VIVEKANANDA LIBRARY VIVEKANANDA LIBRARY 02/08/2018   363.325 S959D 223914 17/09/2023 Thesis
© Designed and Maintained by Vivekananda Library, MDU Rohtak